A Brief Course Higher Mathematics Domidovich. (Record no. 883345)

MARC details
000 -LEADER
fixed length control field 00280nam a2200109Ia 4500
008 - FIXED-LENGTH DATA ELEMENTS--GENERAL INFORMATION
fixed length control field 231011s9999 xx 000 0 und d
041 ## - LANGUAGE CODE
Language code of text/sound track or separate title eng
100 ## - MAIN ENTRY--PERSONAL NAME
Personal name Kudryavtsev.
245 ## - TITLE STATEMENT
Title A Brief Course Higher Mathematics Domidovich.
260 ## - PUBLICATION, DISTRIBUTION, ETC.
Name of publisher, distributor, etc. MIR Publishar Moscow. -
365 ## - TRADE PRICE
Price amount 22

No items available.